Tục ngữ Việt Nam

Αποθηκεύτηκε σε:
Λεπτομέρειες βιβλιογραφικής εγγραφής
Κύριος συγγραφέας: Chu Xuân Diên
Μορφή: Βιβλίο
Γλώσσα:Undetermined
Έκδοση: H. KHXH 1998
Θέματα:
Ετικέτες: Προσθήκη ετικέτας
Δεν υπάρχουν, Καταχωρήστε ετικέτα πρώτοι!
Thư viện lưu trữ: Trung tâm Học liệu Trường Đại học Cần Thơ
LEADER 00516nam a2200181Ia 4500
001 CTU_53425
008 210402s9999 xx 000 0 und d
020 |b 24000 
082 |a 398.9 
082 |b D305 
100 |a Chu Xuân Diên 
245 0 |a Tục ngữ Việt Nam 
245 0 |c Chu Xuân Diên, Lương văn Đang và Phương Tri 
260 |a H. 
260 |b KHXH 
260 |c 1998 
650 |a proverb,folk literature, vietnamese 
980 |a Trung tâm Học liệu Trường Đại học Cần Thơ